[Event "HSG Open 2017"]
[Site "Hilversum"]
[Date "2017.06.23"]
[Round "1.1"]
[White "Pruijssers, Roeland"]
[Black "Bekedam, Tyro"]
[Result "1-0"]
[BlackElo "2053"]
[WhiteElo "2502"]
[LiveChessVersion "1.4.8"]

1. e4 {[%clk 1:50:16]} c6 {[%clk 1:50:13]} 2. d4 {[%clk 1:49:02]} d5
{[%clk 1:50:13]} 3. e5 {[%clk 1:49:05]} Bf5 {[%clk 1:50:08]} 4. Nf3
{[%clk 1:49:06]} e6 {[%clk 1:49:52]} 5. Be2 {[%clk 1:49:09]} Nd7 {[%clk 1:49:19]}
6. O-O {[%clk 1:49:08]} Ne7 {[%clk 1:48:54]} 7. Nbd2 {[%clk 1:49:00]} c5
{[%clk 1:47:36]} 8. c3 {[%clk 1:23:29]} Nc6 {[%clk 1:45:54]} 9. Nb3
{[%clk 1:18:51]} Be7 {[%clk 1:38:06]} 10. Bf4 {[%clk 1:11:20]} Qb6
{[%clk 1:33:06]} 11. dxc5 {[%clk 1:05:28]} Nxc5 {[%clk 1:31:58]} 12. Nxc5
{[%clk 1:02:29]} Bxc5 {[%clk 1:29:48]} 13. b4 {[%clk 1:02:32]} Be7
{[%clk 1:29:03]} 14. a4 {[%clk 1:02:30]} O-O {[%clk 1:25:01]} 15. a5
{[%clk 0:55:35]} Qc7 {[%clk 1:23:41]} 16. Re1 {[%clk 0:40:39]} Rac8
{[%clk 1:18:03]} 17. a6 {[%clk 0:39:44]} b6 {[%clk 1:06:34]} 18. Rc1
{[%clk 0:38:03]} Rfd8 {[%clk 0:59:19]} 19. Bb5 {[%clk 0:34:00]} Bg4
{[%clk 0:53:51]} 20. h3 {[%clk 0:31:17]} Bh5 {[%clk 0:46:45]} 21. g4
{[%clk 0:29:41]} Bg6 {[%clk 0:46:45]} 22. Qd2 {[%clk 0:21:40]} Be4
{[%clk 0:42:36]} 23. Qe3 {[%clk 0:21:25]} Bxf3 {[%clk 0:23:22]} 24. Qxf3
{[%clk 0:21:27]} g5 {[%clk 0:22:56]} 25. Bg3 {[%clk 0:18:02]} d4 {[%clk 0:22:19]}
26. Qe4 {[%clk 0:16:47]} Nb8 {[%clk 0:19:43]} 27. Bd3 {[%clk 0:16:21]} Kf8
{[%clk 0:16:52]} 28. Qxh7 {[%clk 0:15:05]} Ke8 {[%clk 0:16:21]} 29. Bb5+
{[%clk 0:13:50]} Nd7 {[%clk 0:16:15]} 30. Qg8+ {[%clk 0:12:42]} Bf8
{[%clk 0:16:20]} 31. c4 {[%clk 0:12:36]} 1-0

[Event "HSG Open 2017"]
[Site "Hilversum"]
[Date "2017.06.23"]
[Round "1.2"]
[White "Hoornstra, Hans"]
[Black "Ducarmon, Quinten"]
[Result "0-1"]
[BlackElo "2470"]
[WhiteElo "2051"]
[LiveChessVersion "1.4.8"]

1. e4 {[%clk 1:50:16]} c6 {[%clk 1:50:12]} 2. d4 {[%clk 1:50:13]} d5
{[%clk 1:50:17]} 3. exd5 {[%clk 1:50:11]} cxd5 {[%clk 1:50:20]} 4. c4
{[%clk 1:50:16]} Nf6 {[%clk 1:50:23]} 5. Nc3 {[%clk 1:50:15]} Nc6
{[%clk 1:49:49]} 6. Bg5 {[%clk 1:47:51]} Be6 {[%clk 1:48:58]} 7. c5
{[%clk 1:47:35]} Ne4 {[%clk 1:31:37]} 8. Be3 {[%clk 1:43:57]} g6 {[%clk 1:26:04]}
9. Rc1 {[%clk 1:36:49]} Bg7 {[%clk 1:24:36]} 10. Nf3 {[%clk 1:35:46]} O-O
{[%clk 1:22:27]} 11. Be2 {[%clk 1:33:38]} Nxc5 {[%clk 1:05:45]} 12. Nxd5
{[%clk 1:21:01]} Qxd5 {[%clk 0:47:13]} 13. Rxc5 {[%clk 1:19:20]} Qxa2
{[%clk 0:46:21]} 14. d5 {[%clk 1:10:41]} Rfd8 {[%clk 0:43:45]} 15. Bc4
{[%clk 1:09:53]} Qxb2 {[%clk 0:39:28]} 16. Qc1 {[%clk 1:02:28]} Bc3+
{[%clk 0:29:21]} 17. Kf1 {[%clk 1:00:38]} Qxc1+ {[%clk 0:27:11]} 18. Bxc1
{[%clk 1:00:34]} Bf5 {[%clk 0:22:29]} 19. dxc6 {[%clk 0:44:37]} Rd1+
{[%clk 0:22:32]} 20. Ke2 {[%clk 0:44:41]} Rxh1 {[%clk 0:22:38]} 21. Bh6
{[%clk 0:27:34]} bxc6 {[%clk 0:18:19]} 22. Bxf7+ {[%clk 0:25:34]} Kxf7
{[%clk 0:18:24]} 23. Rxc3 {[%clk 0:25:40]} Bg4 {[%clk 0:17:47]} 24. Rxc6
{[%clk 0:24:43]} Rxh2 {[%clk 0:17:27]} 0-1

[Event "HSG Open 2017"]
[Site "Hilversum"]
[Date "2017.06.23"]
[Round "1.3"]
[White "Ten Hertog, Hugo"]
[Black "Ritsema, Ronald"]
[Result "1-0"]
[BlackElo "2051"]
[WhiteElo "2457"]
[LiveChessVersion "1.4.8"]

1. b3 {[%clk 1:50:08]} e5 {[%clk 1:49:54]} 2. Bb2 {[%clk 1:50:13]} Nc6
{[%clk 1:49:43]} 3. c4 {[%clk 1:49:42]} Nf6 {[%clk 1:49:24]} 4. d3
{[%clk 1:49:48]} d5 {[%clk 1:48:52]} 5. cxd5 {[%clk 1:49:54]} Nxd5
{[%clk 1:48:56]} 6. Nd2 {[%clk 1:50:00]} Be7 {[%clk 1:45:39]} 7. Ngf3
{[%clk 1:49:54]} f6 {[%clk 1:45:22]} 8. g3 {[%clk 1:49:40]} O-O {[%clk 1:44:57]}
9. Bg2 {[%clk 1:49:38]} Be6 {[%clk 1:44:33]} 10. O-O {[%clk 1:49:18]} Qd7
{[%clk 1:43:50]} 11. a3 {[%clk 1:44:20]} a5 {[%clk 1:41:39]} 12. Rc1
{[%clk 1:43:27]} Rfd8 {[%clk 1:40:07]} 13. Qc2 {[%clk 1:42:14]} Rac8
{[%clk 1:39:23]} 14. Rfd1 {[%clk 1:42:06]} Qe8 {[%clk 1:37:00]} 15. Qb1
{[%clk 1:33:34]} Qf8 {[%clk 1:32:13]} 16. Qa1 {[%clk 1:33:36]} Bc5
{[%clk 1:31:30]} 17. Rc2 {[%clk 1:13:16]} Ba7 {[%clk 1:26:06]} 18. Rdc1
{[%clk 1:12:39]} Nde7 {[%clk 1:25:21]} 19. Qb1 {[%clk 1:01:13]} Nf5
{[%clk 1:20:54]} 20. Bh3 {[%clk 0:46:41]} Qf7 {[%clk 1:17:44]} 21. Ne4
{[%clk 0:42:55]} Qh5 {[%clk 1:09:50]} 22. Bg2 {[%clk 0:31:29]} Bxb3
{[%clk 1:06:33]} 23. Rxc6 {[%clk 0:31:32]} bxc6 {[%clk 1:06:13]} 24. Bxe5
{[%clk 0:31:36]} Bd5 {[%clk 1:01:31]} 25. Bxf6 {[%clk 0:31:25]} Re8
{[%clk 0:55:09]} 26. Bc3 {[%clk 0:27:00]} Rb8 {[%clk 0:48:03]} 27. Qa1
{[%clk 0:26:40]} Nd6 {[%clk 0:39:42]} 28. Bxg7 {[%clk 0:18:57]} Bxe4
{[%clk 0:37:49]} 29. dxe4 {[%clk 0:19:00]} Nxe4 {[%clk 0:37:37]} 30. Bd4
{[%clk 0:14:33]} c5 {[%clk 0:30:48]} 31. Bh8 {[%clk 0:09:38]} Re7
{[%clk 0:29:41]} 32. Ne5 {[%clk 0:09:32]} Qxe2 {[%clk 0:25:03]} 33. Nc6
{[%clk 0:06:34]} Rf7 {[%clk 0:19:02]} 34. Re1 {[%clk 0:05:59]} Qxf2+
{[%clk 0:15:17]} 35. Kh1 {[%clk 0:06:05]} Rb2 {[%clk 0:08:30]} 36. Bxb2
{[%clk 0:05:57]} Nxg3+ {[%clk 0:06:24]} 37. hxg3 {[%clk 0:06:02]} Qxg3
{[%clk 0:05:24]} 38. Re8+ {[%clk 0:06:05]} Rf8 {[%clk 0:05:19]} 39. Bd5# 1-0

[Event "HSG Open 2017"]
[Site "Hilversum"]
[Date "2017.06.23"]
[Round "1.4"]
[White "Brouwer, Rein"]
[Black "Beerdsen, Thomas"]
[Result "0-1"]
[BlackElo "2455"]
[WhiteElo "2040"]
[LiveChessVersion "1.4.8"]

1. d4 {[%clk 1:50:15]} Nf6 {[%clk 1:50:15]} 2. c4 {[%clk 1:50:19]} e6
{[%clk 1:50:21]} 3. g3 {[%clk 1:50:20]} d5 {[%clk 1:50:19]} 4. Nf3
{[%clk 1:50:16]} Be7 {[%clk 1:50:15]} 5. Bg2 {[%clk 1:50:17]} O-O
{[%clk 1:50:17]} 6. O-O {[%clk 1:50:18]} dxc4 {[%clk 1:50:23]} 7. Qc2
{[%clk 1:50:09]} a6 {[%clk 1:50:28]} 8. a4 {[%clk 1:50:00]} c6 {[%clk 1:49:52]}
9. Qxc4 {[%clk 1:47:20]} b5 {[%clk 1:49:57]} 10. Qc2 {[%clk 1:46:10]} Bb7
{[%clk 1:49:44]} 11. Rd1 {[%clk 1:43:57]} Nbd7 {[%clk 1:48:17]} 12. Nc3
{[%clk 1:40:50]} Rc8 {[%clk 1:47:11]} 13. Ne5 {[%clk 1:37:43]} Qc7
{[%clk 1:36:38]} 14. Bf4 {[%clk 1:35:25]} Nxe5 {[%clk 1:33:44]} 15. Bxe5
{[%clk 1:34:53]} Qb6 {[%clk 1:33:46]} 16. Ne4 {[%clk 1:25:50]} Nxe4
{[%clk 1:29:30]} 17. Qxe4 {[%clk 1:24:59]} Rfd8 {[%clk 1:27:42]} 18. axb5
{[%clk 1:20:31]} axb5 {[%clk 1:26:48]} 19. h4 {[%clk 1:12:01]} Rd7
{[%clk 1:21:02]} 20. Qg4 {[%clk 1:07:45]} Bf8 {[%clk 1:16:28]} 21. e3
{[%clk 1:07:45]} Qd8 {[%clk 1:16:28]} 22. Rdc1 {[%clk 1:05:23]} Qe7
{[%clk 1:14:12]} 23. Ra7 {[%clk 0:58:39]} h6 {[%clk 1:09:35]} 24. h5
{[%clk 0:52:19]} Ba8 {[%clk 1:04:25]} 25. Ra6 {[%clk 0:48:39]} Bb7
{[%clk 1:03:27]} 26. Ra7 {[%clk 0:48:17]} Rcd8 {[%clk 1:00:41]} 27. Kh2
{[%clk 0:40:43]} Kh8 {[%clk 0:59:14]} 28. Qe4 {[%clk 0:35:33]} Qe8
{[%clk 0:53:02]} 29. Bf3 {[%clk 0:32:11]} Ra8 {[%clk 0:49:21]} 30. Rxa8
{[%clk 0:28:19]} Bxa8 {[%clk 0:47:05]} 31. g4 {[%clk 0:27:35]} Rd8
{[%clk 0:41:05]} 32. Qc2 {[%clk 0:26:09]} Rc8 {[%clk 0:40:56]} 33. Ra1
{[%clk 0:25:05]} Qd7 {[%clk 0:38:42]} 34. Kg2 {[%clk 0:24:04]} Bb7
{[%clk 0:37:08]} 35. Ra7 {[%clk 0:22:52]} Ra8 {[%clk 0:37:11]} 36. Rxa8
{[%clk 0:22:54]} Bxa8 {[%clk 0:37:16]} 37. Qc3 {[%clk 0:20:59]} Bb7
{[%clk 0:36:25]} 38. Be4 {[%clk 0:16:39]} c5 {[%clk 0:35:38]} 39. Bxb7
{[%clk 0:15:56]} Qxb7+ {[%clk 0:35:43]} 40. f3 {[%clk 0:15:55]} f6
{[%clk 0:35:05]} 41. Bg3 {[%clk 0:12:47]} c4 {[%clk 0:35:09]} 42. b3
{[%clk 0:12:03]} Qa6 {[%clk 0:35:15]} 43. bxc4 {[%clk 0:11:51]} Qa2+
{[%clk 0:35:12]} 44. Bf2 {[%clk 0:04:42]} b4 {[%clk 0:35:19]} 45. Qd3
{[%clk 0:04:47]} b3 {[%clk 0:35:25]} 46. Qg6 {[%clk 0:04:54]} b2 {[%clk 0:35:30]}
47. Qf7 {[%clk 0:05:02]} b1=Q {[%clk 0:35:10]} 48. Qxf8+ {[%clk 0:05:02]} Kh7
{[%clk 0:35:16]} 0-1

[Event "HSG Open 2017"]
[Site "Hilversum"]
[Date "2017.06.23"]
[Round "1.5"]
[White "Brink, Barry"]
[Black "Krishnasing, Ashley"]
[Result "1-0"]
[BlackElo "2038"]
[WhiteElo "2370"]
[LiveChessVersion "1.4.8"]

1. d4 {[%clk 1:50:13]} Nf6 {[%clk 1:50:14]} 2. c4 {[%clk 1:50:19]} e6
{[%clk 1:50:15]} 3. Nc3 {[%clk 1:50:24]} Bb4 {[%clk 1:48:27]} 4. Qc2
{[%clk 1:50:09]} d5 {[%clk 1:47:20]} 5. cxd5 {[%clk 1:48:48]} exd5
{[%clk 1:47:26]} 6. Bg5 {[%clk 1:48:26]} O-O {[%clk 1:46:36]} 7. e3
{[%clk 1:48:14]} h6 {[%clk 1:46:43]} 8. Bh4 {[%clk 1:48:00]} Be6 {[%clk 1:44:11]}
9. Bd3 {[%clk 1:46:55]} c5 {[%clk 1:35:38]} 10. dxc5 {[%clk 1:46:42]} Nbd7
{[%clk 1:35:38]} 11. a3 {[%clk 1:45:25]} Bxc5 {[%clk 1:29:20]} 12. Nf3
{[%clk 1:45:14]} Rc8 {[%clk 1:29:16]} 13. O-O {[%clk 1:44:57]} Bd6
{[%clk 1:29:16]} 14. Bg3 {[%clk 1:41:59]} Bxg3 {[%clk 1:17:36]} 15. hxg3
{[%clk 1:41:34]} Qc7 {[%clk 1:17:39]} 16. Rad1 {[%clk 1:35:34]} Ne5
{[%clk 1:11:11]} 17. Qa4 {[%clk 1:30:43]} a6 {[%clk 1:03:30]} 18. Nxe5
{[%clk 1:27:02]} Qxe5 {[%clk 1:03:28]} 19. Qf4 {[%clk 1:26:06]} Qxf4
{[%clk 0:49:54]} 20. gxf4 {[%clk 1:25:20]} Bd7 {[%clk 0:48:31]} 21. f3
{[%clk 1:14:48]} h5 {[%clk 0:34:41]} 22. Kf2 {[%clk 1:13:21]} Rfe8
{[%clk 0:33:20]} 23. Rfe1 {[%clk 1:12:44]} g6 {[%clk 0:32:12]} 24. Bb1
{[%clk 1:07:36]} Bc6 {[%clk 0:32:18]} 25. Rd4 {[%clk 1:06:53]} Re7
{[%clk 0:30:22]} 26. Ba2 {[%clk 1:04:57]} Rd7 {[%clk 0:25:41]} 27. Red1
{[%clk 1:02:48]} Kf8 {[%clk 0:25:38]} 28. g3 {[%clk 0:59:15]} Kg7
{[%clk 0:22:45]} 29. R1d2 {[%clk 0:59:04]} Kf8 {[%clk 0:21:43]} 30. Ke2
{[%clk 0:57:59]} Ke7 {[%clk 0:13:45]} 31. Nxd5+ {[%clk 0:43:52]} Nxd5
{[%clk 0:13:46]} 32. Bxd5 {[%clk 0:43:55]} Bxd5 {[%clk 0:13:28]} 33. Rxd5
{[%clk 0:43:57]} Rxd5 {[%clk 0:13:34]} 34. Rxd5 {[%clk 0:43:57]} Rh8
{[%clk 0:13:34]} 35. e4 {[%clk 0:27:14]} h4 {[%clk 0:12:17]} 36. gxh4
{[%clk 0:27:17]} Rxh4 {[%clk 0:12:18]} 37. Ke3 {[%clk 0:27:21]} f6
{[%clk 0:11:13]} 38. Rd2 {[%clk 0:26:13]} Rh8 {[%clk 0:10:14]} 39. Rc2
{[%clk 0:25:34]} Kd6 {[%clk 0:08:44]} 40. Rg2 {[%clk 0:25:23]} Rh6
{[%clk 0:08:37]} 41. Kd4 {[%clk 0:25:04]} b6 {[%clk 0:05:05]} 42. b4
{[%clk 0:23:34]} Kd7 {[%clk 0:02:39]} 43. a4 {[%clk 0:18:21]} Ke7
{[%clk 0:01:22]} 44. Rc2 {[%clk 0:15:19]} Rh3 {[%clk 0:00:45]} 45. Ke3
{[%clk 0:15:09]} Kd7 {[%clk 0:00:26]} 46. Rg2 {[%clk 0:10:10]} Rh6
{[%clk 0:00:27]} 47. b5 {[%clk 0:09:42]} axb5 {[%clk 0:00:32]} 48. axb5
{[%clk 0:09:46]} Ke7 {[%clk 0:00:13]} 49. Kd4 {[%clk 0:01:54]} Rh3 50. Rxg6 Rxf3
51. f5 Rb3 52. Rg7+ Kd6 53. Rf7 Rb4+ 54. Kd3 Ke5 55. Re7+ Kf4 56. Re6 Rxb5 57.
Rxf6 Rb3+ 58. Kc4 1-0

[Event "HSG Open 2017"]
[Site "Hilversum"]
[Date "2017.06.23"]
[Round "1.6"]
[White "Mesman, Edwyn"]
[Black "Van de Griendt, Jan Willem"]
[Result "1/2-1/2"]
[BlackElo "2360"]
[WhiteElo "2034"]
[LiveChessVersion "1.4.8"]

1. d4 {[%clk 1:50:17]} Nf6 {[%clk 1:49:39]} 2. c4 {[%clk 1:50:22]} e6
{[%clk 1:49:43]} 3. Nc3 {[%clk 1:50:28]} c5 {[%clk 1:49:06]} 4. d5
{[%clk 1:50:32]} exd5 {[%clk 1:49:10]} 5. cxd5 {[%clk 1:50:38]} d6
{[%clk 1:49:14]} 6. Nf3 {[%clk 1:50:41]} g6 {[%clk 1:49:17]} 7. Nd2
{[%clk 1:50:47]} Bg7 {[%clk 1:45:19]} 8. Nc4 {[%clk 1:50:43]} O-O
{[%clk 1:45:23]} 9. g3 {[%clk 1:50:50]} b6 {[%clk 1:40:46]} 10. a4
{[%clk 1:37:19]} Na6 {[%clk 1:26:01]} 11. Bg2 {[%clk 1:06:18]} Nb4
{[%clk 1:04:35]} 12. O-O {[%clk 1:05:46]} Ne8 {[%clk 0:58:08]} 13. Na2
{[%clk 0:41:39]} Na6 {[%clk 0:45:17]} 14. Bd2 {[%clk 0:37:40]} Nac7
{[%clk 0:33:51]} 15. Bc3 {[%clk 0:36:16]} f5 {[%clk 0:32:16]} 16. Bxg7
{[%clk 0:36:00]} Kxg7 {[%clk 0:32:20]} 17. b4 {[%clk 0:34:53]} Ba6
{[%clk 0:30:27]} 18. b5 {[%clk 0:34:01]} Bb7 {[%clk 0:30:31]} 19. Nc3
{[%clk 0:34:05]} Qf6 {[%clk 0:30:13]} 20. Qb3 {[%clk 0:31:30]} Rb8
{[%clk 0:24:24]} 21. a5 {[%clk 0:16:22]} Bc8 {[%clk 0:24:32]} 22. axb6
{[%clk 0:11:24]} axb6 {[%clk 0:24:17]} 23. Rad1 {[%clk 0:09:34]} 1/2-1/2

[Event "HSG Open 2017"]
[Site "Hilversum"]
[Date "2017.06.23"]
[Round "1.7"]
[White "Nagtegaal, Kees"]
[Black "Hess, Stefan"]
[Result "1-0"]
[BlackElo "2021"]
[WhiteElo "2286"]
[LiveChessVersion "1.4.8"]

1. e4 {[%clk 1:50:07]} e6 {[%clk 1:50:18]} 2. d3 {[%clk 1:50:04]} d5
{[%clk 1:49:56]} 3. Nd2 {[%clk 1:50:07]} Nf6 {[%clk 1:49:32]} 4. Ngf3
{[%clk 1:50:09]} dxe4 {[%clk 1:45:18]} 5. dxe4 {[%clk 1:49:49]} Bc5
{[%clk 1:42:37]} 6. Bd3 {[%clk 1:47:26]} Nc6 {[%clk 1:41:36]} 7. O-O
{[%clk 1:44:26]} h6 {[%clk 1:38:11]} 8. Qe2 {[%clk 1:40:00]} g5 {[%clk 1:26:53]}
9. Nb3 {[%clk 1:32:47]} Bb6 {[%clk 1:23:18]} 10. a4 {[%clk 1:24:28]} a6
{[%clk 1:20:19]} 11. a5 {[%clk 1:19:19]} Ba7 {[%clk 1:19:46]} 12. e5
{[%clk 1:10:32]} Nd5 {[%clk 0:58:59]} 13. Rd1 {[%clk 1:01:15]} g4
{[%clk 0:50:09]} 14. Ne1 {[%clk 1:00:26]} Qh4 {[%clk 0:44:03]} 15. c4
{[%clk 0:52:42]} Nde7 {[%clk 0:39:02]} 16. Be3 {[%clk 0:47:11]} Bxe3
{[%clk 0:35:37]} 17. Qxe3 {[%clk 0:47:16]} Qg5 {[%clk 0:34:14]} 18. Qe4
{[%clk 0:37:57]} Nxe5 {[%clk 0:23:55]} 19. h4 {[%clk 0:28:58]} gxh3
{[%clk 0:18:13]} 20. f4 {[%clk 0:28:48]} h2+ {[%clk 0:18:15]} 21. Kh1
{[%clk 0:28:44]} Nxd3 {[%clk 0:17:36]} 22. Qxd3 {[%clk 0:28:25]} Qxf4
{[%clk 0:13:50]} 23. Qd8# 1-0

[Event "HSG Open 2017"]
[Site "Hilversum"]
[Date "2017.06.23"]
[Round "1.8"]
[White "Pietrow, Andrzej"]
[Black "Jacobs, Florian"]
[Result "1/2-1/2"]
[BlackElo "2270"]
[WhiteElo "2017"]
[LiveChessVersion "1.4.8"]

1. e4 {[%clk 1:50:17]} e5 {[%clk 1:50:15]} 2. Nf3 {[%clk 1:50:19]} Nc6
{[%clk 1:50:21]} 3. Nc3 {[%clk 1:50:13]} Nf6 {[%clk 1:50:26]} 4. Bb5
{[%clk 1:50:00]} Bb4 {[%clk 1:50:32]} 5. O-O {[%clk 1:49:45]} O-O
{[%clk 1:50:39]} 6. d3 {[%clk 1:49:28]} Bxc3 {[%clk 1:50:21]} 7. bxc3
{[%clk 1:47:47]} d6 {[%clk 1:50:20]} 8. Bxc6 {[%clk 1:40:21]} bxc6
{[%clk 1:50:19]} 9. Re1 {[%clk 1:35:03]} Qe7 {[%clk 1:48:31]} 10. Qe2
{[%clk 1:29:02]} a5 {[%clk 1:44:59]} 11. Bd2 {[%clk 1:25:57]} Nd7
{[%clk 1:38:36]} 12. Qe3 {[%clk 1:14:57]} h6 {[%clk 1:34:24]} 13. h3
{[%clk 1:12:17]} Nc5 {[%clk 1:30:41]} 14. Nh2 {[%clk 1:12:07]} f5
{[%clk 1:05:48]} 15. exf5 {[%clk 1:11:44]} Bxf5 {[%clk 1:03:35]} 16. f4
{[%clk 1:04:42]} e4 {[%clk 0:55:28]} 17. g4 {[%clk 1:03:16]} Bh7 {[%clk 0:52:39]}
18. Qg3 {[%clk 1:01:22]} Qf7 {[%clk 0:47:43]} 19. f5 {[%clk 0:57:42]} exd3
{[%clk 0:36:45]} 20. cxd3 {[%clk 0:56:25]} Rae8 {[%clk 0:36:51]} 21. c4
{[%clk 0:52:57]} d5 {[%clk 0:33:07]} 22. Bxa5 {[%clk 0:50:37]} dxc4
{[%clk 0:32:06]} 23. dxc4 {[%clk 0:49:43]} Qxc4 {[%clk 0:24:59]} 24. Qc3
{[%clk 0:49:01]} Qxc3 {[%clk 0:20:30]} 25. Bxc3 {[%clk 0:48:53]} Ne4
{[%clk 0:20:33]} 26. Bb2 {[%clk 0:27:18]} g6 {[%clk 0:20:37]} 27. f6
{[%clk 0:26:28]} g5 {[%clk 0:18:19]} 28. a4 {[%clk 0:24:11]} Rb8 {[%clk 0:13:02]}
29. Be5 {[%clk 0:19:08]} Rfe8 {[%clk 0:12:51]} 30. Nf3 {[%clk 0:18:12]} Rb3
{[%clk 0:08:56]} 31. Kg2 {[%clk 0:15:07]} Nc5 {[%clk 0:06:57]} 32. Bd4
{[%clk 0:14:26]} Ne6 {[%clk 0:05:04]} 33. Be5 {[%clk 0:13:52]} 1/2-1/2

[Event "HSG Open 2017"]
[Site "Hilversum"]
[Date "2017.06.23"]
[Round "1.9"]
[White "Van Meegen, Ruud"]
[Black "Arp, Frans"]
[Result "1-0"]
[BlackElo "2011"]
[WhiteElo "2241"]
[LiveChessVersion "1.4.8"]

1. d4 {[%clk 1:50:16]} Nf6 {[%clk 1:50:15]} 2. c4 {[%clk 1:50:21]} g6
{[%clk 1:50:22]} 3. Nc3 {[%clk 1:50:25]} Bg7 {[%clk 1:50:27]} 4. e4
{[%clk 1:50:28]} d6 {[%clk 1:50:32]} 5. Nf3 {[%clk 1:50:30]} O-O {[%clk 1:50:36]}
6. Be2 {[%clk 1:50:31]} e5 {[%clk 1:50:29]} 7. d5 {[%clk 1:50:24]} Nbd7
{[%clk 1:49:18]} 8. Bg5 {[%clk 1:49:51]} h6 {[%clk 1:48:57]} 9. Bh4
{[%clk 1:49:44]} g5 {[%clk 1:48:17]} 10. Bg3 {[%clk 1:49:46]} Nh5
{[%clk 1:48:03]} 11. O-O {[%clk 1:49:00]} Nf4 {[%clk 1:48:05]} 12. Nd2
{[%clk 1:48:22]} Nf6 {[%clk 1:46:31]} 13. f3 {[%clk 1:30:31]} N6h5
{[%clk 1:43:52]} 14. Bf2 {[%clk 1:29:58]} Qd7 {[%clk 1:38:59]} 15. Kh1
{[%clk 1:26:55]} b6 {[%clk 1:35:11]} 16. Rb1 {[%clk 1:23:20]} a5 {[%clk 1:33:15]}
17. b3 {[%clk 1:19:37]} f5 {[%clk 1:33:03]} 18. exf5 {[%clk 1:18:39]} Nxe2
{[%clk 1:32:16]} 19. Nxe2 {[%clk 1:15:49]} Nf4 {[%clk 1:32:03]} 20. g4
{[%clk 1:07:54]} c6 {[%clk 1:28:34]} 21. Nxf4 {[%clk 0:46:53]} exf4
{[%clk 1:28:34]} 22. Ne4 {[%clk 0:46:47]} c5 {[%clk 1:27:34]} 23. a4
{[%clk 0:38:35]} Be5 {[%clk 1:25:23]} 24. Kg2 {[%clk 0:34:57]} Qg7
{[%clk 1:21:43]} 25. Rh1 {[%clk 0:34:44]} Bd7 {[%clk 1:20:00]} 26. Kf1
{[%clk 0:33:15]} Kf7 {[%clk 1:17:23]} 27. Ke2 {[%clk 0:30:54]} Rh8
{[%clk 1:15:22]} 28. Kd3 {[%clk 0:29:15]} Rag8 {[%clk 1:14:15]} 29. Qe2
{[%clk 0:19:25]} Qf8 {[%clk 1:03:45]} 30. Kc2 {[%clk 0:18:26]} Ke8
{[%clk 0:56:00]} 31. h4 {[%clk 0:17:20]} Kd8 {[%clk 0:53:07]} 32. hxg5
{[%clk 0:17:01]} hxg5 {[%clk 0:52:29]} 33. Rxh8 {[%clk 0:15:50]} Rxh8
{[%clk 0:52:07]} 34. Nxg5 {[%clk 0:15:27]} Bxf5+ {[%clk 0:48:05]} 35. gxf5
{[%clk 0:15:24]} Qxf5+ {[%clk 0:48:08]} 36. Ne4 {[%clk 0:15:25]} Rh2
{[%clk 0:48:05]} 37. Rf1 {[%clk 0:13:23]} Bd4 {[%clk 0:45:39]} 38. Kb1
{[%clk 0:09:51]} Kc7 {[%clk 0:43:13]} 39. Qe1 {[%clk 0:09:33]} Qe5
{[%clk 0:41:43]} 40. Bxd4 {[%clk 0:06:54]} cxd4 {[%clk 0:41:18]} 41. Rf2
{[%clk 0:03:44]} Rh3 {[%clk 0:40:31]} 42. Kc2 {[%clk 0:02:59]} Qh5
{[%clk 0:34:51]} 43. Nd2 {[%clk 0:03:07]} Qh4 {[%clk 0:33:37]} 44. Re2
{[%clk 0:03:08]} Qh7+ {[%clk 0:32:59]} 45. Kb2 {[%clk 0:03:10]} Kd7
{[%clk 0:31:00]} 46. Qg1 {[%clk 0:03:10]} d3 {[%clk 0:29:49]} 47. Qg4+
{[%clk 0:02:45]} Kd8 {[%clk 0:28:55]} 48. Qg5+ {[%clk 0:02:38]} Kd7
{[%clk 0:28:41]} 49. Rg2 {[%clk 0:02:20]} Rg3 {[%clk 0:27:30]} 50. Rxg3
{[%clk 0:02:05]} fxg3 {[%clk 0:27:33]} 51. Qxg3 {[%clk 0:01:25]} Qh8+
{[%clk 0:27:33]} 52. Ka2 {[%clk 0:01:23]} Qc3 {[%clk 0:27:30]} 53. Qe1
{[%clk 0:01:23]} Qc2+ {[%clk 0:26:28]} 54. Ka3 {[%clk 0:01:28]} Kd8
{[%clk 0:25:06]} 55. Ne4 {[%clk 0:01:29]} Qe2 {[%clk 0:24:47]} 56. Qh4+
{[%clk 0:01:18]} Kd7 {[%clk 0:23:45]} 57. Qh7+ {[%clk 0:01:22]} Kd8
{[%clk 0:23:33]} 58. Qg8+ {[%clk 0:00:59]} Kc7 {[%clk 0:22:59]} 59. Qf7+
{[%clk 0:01:04]} Kd8 {[%clk 0:22:10]} 60. Nf6 {[%clk 0:00:33]} Qe7
{[%clk 0:21:43]} 61. Qxe7+ {[%clk 0:00:38]} Kxe7 {[%clk 0:21:45]} 62. Ne4
{[%clk 0:00:44]} 1-0

[Event "HSG Open 2017"]
[Site "Hilversum"]
[Date "2017.06.23"]
[Round "1.10"]
[White "Ephraim, Olaf"]
[Black "Van Dael, Siem"]
[Result "1-0"]
[BlackElo "2233"]
[WhiteElo "2009"]
[LiveChessVersion "1.4.8"]

1. d4 {[%clk 1:50:17]} Nf6 {[%clk 1:50:12]} 2. c4 {[%clk 1:50:23]} g6
{[%clk 1:50:17]} 3. Nc3 {[%clk 1:50:30]} Bg7 {[%clk 1:50:20]} 4. e4
{[%clk 1:50:35]} d6 {[%clk 1:50:24]} 5. f3 {[%clk 1:50:30]} O-O {[%clk 1:50:23]}
6. Be3 {[%clk 1:50:37]} c5 {[%clk 1:50:26]} 7. Nge2 {[%clk 1:49:56]} Nc6
{[%clk 1:49:51]} 8. d5 {[%clk 1:48:32]} Ne5 {[%clk 1:49:49]} 9. Ng3
{[%clk 1:48:37]} h5 {[%clk 1:49:11]} 10. Be2 {[%clk 1:47:42]} h4 {[%clk 1:47:58]}
11. Nf1 {[%clk 1:47:48]} a6 {[%clk 1:37:20]} 12. Nd2 {[%clk 1:45:00]} e6
{[%clk 1:14:07]} 13. a4 {[%clk 1:41:35]} Nh7 {[%clk 1:05:17]} 14. f4
{[%clk 1:31:56]} Nd7 {[%clk 1:05:17]} 15. dxe6 {[%clk 1:27:17]} fxe6
{[%clk 1:05:17]} 16. Nf3 {[%clk 1:26:34]} Qb6 {[%clk 0:50:27]} 17. Qd2
{[%clk 1:26:10]} e5 {[%clk 0:49:58]} 18. O-O {[%clk 1:17:56]} h3 {[%clk 0:22:22]}
19. g3 {[%clk 1:10:11]} Ndf6 {[%clk 0:18:38]} 20. fxe5 {[%clk 1:03:26]} dxe5
{[%clk 0:18:31]} 21. Nxe5 {[%clk 0:56:12]} Nxe4 {[%clk 0:17:14]} 22. Nxe4
{[%clk 0:50:39]} Bxe5 {[%clk 0:17:08]} 23. Bxc5 {[%clk 0:50:06]} Rxf1+
{[%clk 0:13:19]} 24. Rxf1 {[%clk 0:45:58]} Qc7 {[%clk 0:13:07]} 25. Qd5+
{[%clk 0:45:09]} Kg7 {[%clk 0:12:23]} 26. Bd4 {[%clk 0:30:18]} Bxd4+
{[%clk 0:12:24]} 27. Qxd4+ {[%clk 0:30:26]} Kg8 {[%clk 0:10:48]} 28. Qd5+
{[%clk 0:27:38]} Kg7 {[%clk 0:09:51]} 29. c5 {[%clk 0:21:20]} Bf5
{[%clk 0:06:33]} 30. Nd6 {[%clk 0:20:57]} Rd8 {[%clk 0:04:08]} 31. Qe5+
{[%clk 0:20:39]} Kg8 {[%clk 0:02:58]} 32. Bc4+ {[%clk 0:20:31]} 1-0